000 00661nam a2200229 a 4500
001 BRCA_1081
005 20190320203254.0
008 740220s1985####mx-a######---#000-0#spa-#
020 _a9681620429
041 _aspa
044 _amx
050 4 _aN6557.M4
_b.M39 1985
100 1 _aMaza, Francisco de la
_d1913-1972
_9278
245 1 0 _aEl churrigueresco en la ciudad de México
_cFrancisco de la Maza.
260 _aMéxico
_bFCE
_c1985
300 _a125 p.
_bil.
_c17 cm.
440 0 _aColección popular
_v314
_93558
500 _aIncluye índice de ilustraciones
650 1 4 _aArte rococó
_zMéxico
_93559
650 1 4 _aArte
_zMéxico
_93560
942 _2lcc
_cB
999 _c960
_d960